00000000cam 2200000zi 4500
0019.949788
003CaOODSP
00520260603153124
006m     o  d f      
007cr mn|||||||||
008250403t20252025onc     ob   f000 0 eng d
020 |a9780660768175
040 |aCaOODSP|beng|erda|cCaOODSP
043 |an-cn---
0861 |aBT48-56/2025E-PDF
24500|aGovernment of Canada (GC) guideline on multi-factor authentication (MFA) : |btechnical recommendations for authenticators to support MFA within the GC enterprise domain.
264 1|aOttawa, Ontario : |bTreasury Board of Canada Secretariat = Secrétariat du Conseil du trésor du Canada, |c2025.
264 4|c©2025
300 |a1 online resource (108 pages)
336 |atext|btxt|2rdacontent
337 |acomputer|bc|2rdamedia
338 |aonline resource|bcr|2rdacarrier
500 |aIssued also in French under title: Ligne directrice du gouvernement du Canada (GC) sur l'authentification multifactorielle (AMF) : recommandations techniques relatives aux authentifiants utilisés pour l’AMF dans le domaine opérationnel du GC.
500 |a"Published: 2025-05-23."
504 |aIncludes bibliographical references.
650 0|aComputers|xAccess control|xGovernment policy|zCanada.
650 0|aComputer networks|xAccess control|xGovernment policy|zCanada.
7101 |aCanada. |bTreasury Board, |eissuing body.
77508|tLigne directrice du gouvernement du Canada (GC) sur l'authentification multifactorielle (AMF) : |w(CaOODSP)9.949789
85640|qPDF|s3.27 MB|uhttps://publications.gc.ca/collections/collection_2026/sct-tbs/BT48-56-2025-eng.pdf
8564 |qHTML|sN/A|uhttps://www.canada.ca/en/government/system/digital-government/guideline-multi-factor-authentication.html